Svenska Städer Suffixer - Statistics

General Stats
  • This quiz has been taken 115 times
  • The average score is 28 of 75
Answer Stats
Suffix Befolknin Stad % Correct
-holm 1 605 030 Stockholm
96%
-borg 600 473 Göteborg
89%
-köping 114 582 Linköping
87%
-köping 97 979 Norrköping
85%
-tälje 75 068 Södertälje
83%
-köping 99 373 Jönköping
80%
89 607 Umeå
78%
-borg 112 496 Helsingborg
77%
-krona 37 166 Karlskrona
77%
-tuna 70 729 Eskilstuna
76%
48 749 Luleå
76%
-vall 58 955 Sundsvall
73%
-tälje 21 615 Norrtälje
72%
-stad 65 273 Karlstad
71%
-köping 18 804 Köping
71%
-bro 125 817 Örebro
70%
-sund 52 616 Östersund
65%
-ala 164 535 Uppsala
65%
-köping 23 467 Lidköping
61%
-ås 127 799 Västerås
60%
-stad 70 480 Halmstad
56%
36 142 Skellefteå
55%
-krona 33 308 Landskrona
54%
-köping 33 546 Nyköping
50%
-vik 33 436 Örnsköldsvik
46%
-hult 10 714 Älmhult
45%
-by 24 693 Visby
45%
-vik 21 441 Västervik
44%
-vall 16 569 Hudiksvall
43%
-ås 73 649 Borås
39%
-köping 24 493 Enköping
39%
-köping 17 914 Falköping
39%
-stad 41 300 Kristianstad
39%
-hamn 20 388 Karlshamn
37%
-holm 28 381 Ängelholm
34%
-landa 13 743 Vetlanda
33%
-stad 19 904 Ystad
30%
-berg 27 813 Falkenberg
29%
-hamn 18 730 Kristinehamn
29%
-berg 35 782 Varberg
29%
-tuna 9 508 Sigtuna
27%
-sjö 18 417 Nässjö
26%
-näs 13 932 Bollnäs
24%
-ala 31 400 Motala
24%
-hamn 18 785 Oskarshamn
24%
-borg 30 668 Trelleborg
24%
-ås 27 501 Alingsås
23%
-holm 24 467 Katrineholm
22%
-tuna 33 331 Vallentuna
22%
-näs 14 372 Strängnäs
21%
-borg 24 095 Vänersborg
20%
-landa 22 923 Torslanda
18%
-an 50 300 Trollhättan
17%
-sjö 10 756 Eksjö
16%
-fors 6 917 Kramfors
16%
-by 13 914 Mjölby
16%
-sta 16 399 Avesta
13%
-by 13 000 Ronneby
13%
-bo 8 364 Sjöbo
13%
-sund 13 840 Stenungsund
13%
-ås 14 839 Tranås
12%
-näs 15 795 Höganäs
11%
-sta 15 318 Bålsta
10%
-en 16 848 Boden
10%
-ge 43 423 Borlänge
10%
-fors 7 354 Degerfors
10%
-by 16 094 Ljungby
10%
-en 25 344 Sandviken
9%
-bo 8 455 Habo
7%
-sta 29 433 Märsta
6%
-sjö 5 710 Mullsjö
6%
-an 8 886 Klippan
2%
-sund 11 405 Oxelösund
2%
-ge 18 975 Vasterhaninge
2%
-en 15 618 Höllviken
1%
No matching quizzes found
Score Distribution
Percent of People with Each Score
Percentile by Number Answered
Your Score History
You have not taken this quiz